[Event "Santa Catarina Universities-ch"]
[Site "Tubarao"]
[Date "2011.07.28"]
[Round "5"]
[White "Anzolin, Vinicius"]
[Black "Dos Santos, Jailso Almeida"]
[Result "0-1"]
[WhiteElo "1628"]
[BlackElo "2000"]
[PlyCount "44"]
[EventDate "2011.07.29"]
[EventType "swiss"]
[EventRounds "5"]
[EventCountry "BRA"]
[SourceTitle "EXT 2024"]
[Source "ChessBase"]
[SourceDate "2023.10.10"]
[SourceVersion "1"]
[SourceVersionDate "2023.10.10"]
[SourceQuality "1"]

1. e4 c5 2. Nf3 e6 3. d4 cxd4 4. Nxd4 a6 5. Nc3 Qc7 6. Bd3 Nf6 7. 0-0 Nc6 8. Nb3 b5 9. Be3 Bb7 10. f4 d6 11. Qf3 Be7 12. Qf2 Ng4 13. Bb6 Nxf2 14. Bxc7 Nxd3 15. cxd3 Nb4 16. Rad1 d5 17. exd5 Nxd5 18. Be5 Ne3 19. Rde1 Nxf1 20. Kxf1 0-0 21. Ne4 Rac8 22. Bd6 Bxe4 0-1